Hablando de sexualidad, escuchemos a los jovenes: taller juventud y vida sexual

Saved in:
Bibliografiske detaljer
Main Authors: Rojo, Cecilia (Author), Iriarte Rivas, Claudia (Author)
Andre forfattere: Miranda, Martín (autor)
Format: Bog
Sprog:spansk
Udgivet: Santiago CORSAPS 1993
Fag:
Tags: Tilføj Tag
Ingen Tags, Vær først til at tagge denne postø!

MARC

LEADER 00000nam a2200000 a 4500
001 UCX9055
003 CL-VaPUC
008 940513e19930000CL |||||||||||||||||spa|d
082 0 4 |a 612.6  |b ROJ  |2 21 
100 0 |a Rojo, Cecilia  |e author  |9 326337 
700 |a Iriarte Rivas, Claudia  |e author  |9 740896 
700 |a Miranda, Martín  |e autor  |9 617453 
245 1 0 |a Hablando de sexualidad, escuchemos a los jovenes: taller juventud y vida sexual 
300 |a 54 p 
942 |c BK 
945 |d 19940513 00:00:00  |a rbrito 
260 |a Santiago  |b CORSAPS  |c 1993 
650 0 |a Educación sexual  |9 308005 
583 |a last modification  |c 19940513 00:00:00  |k Rodrigo Vera 
999 |c 228399  |d 228397 
952 |0 0  |1 0  |4 0  |6 612_600000000000000_ROJ_1993  |7 0  |8 P  |9 228406  |a BIBEDU  |b BIBEDU  |c BIBEDU_PB  |d 2019-11-15  |i 2979454  |o 612.6 ROJ 1993  |p 2979454  |r 2024-01-25  |w 2019-11-15  |y BK  |k EDU 
952 |0 0  |1 0  |4 0  |6 612_600000000000000_ROJ_1993  |7 0  |8 P  |9 228407  |a BIBEDU  |b BIBEDU  |c BIBEDU_PB  |d 2019-11-15  |i 2979462  |o 612.6 ROJ 1993  |p 2979462  |r 2024-01-25  |w 2019-11-15  |y BK  |k EDU 
952 |0 0  |1 0  |4 0  |6 612_600000000000000_ROJ_1993  |7 0  |8 P  |9 228408  |a BIBEDU  |b BIBEDU  |c BIBEDU_PB  |d 2019-11-15  |i 3814734  |o 612.6 ROJ 1993  |p 3814734  |r 2024-01-25  |w 2019-11-15  |y BK  |k BME